000
00249nam a2200097Ia 4500
001
801186
005
20250826171033.0
008
250824s9999 xx 000 0 und d
245
0
_a
SELÇUKLU TARİHİ
_c
ZEHRA AYGÜL
260
_b
UĞUR BÖCEĞİ YAYINLARI
999
_c
801186
_d
801186